MINE VENTILATION,SAFETY AND ENVIRONMENT (Record no. 5384)

MARC details
000 -LEADER
fixed length control field 00356nam a22001457a 4500
005 - DATE AND TIME OF LATEST TRANSACTION
control field 20170401144829.0
008 - FIXED-LENGTH DATA ELEMENTS--GENERAL INFORMATION
fixed length control field 170401b xxu||||| |||| 00| 0 eng d
020 ## - INTERNATIONAL STANDARD BOOK NUMBER
ISBN 81-86772-10-3
041 ## - LANGUAGE CODE
Language code of text/sound track or separate title eng
100 ## - MAIN ENTRY--AUTHOR NAME
Personal name GUPTA , M L ,PANDEY,J.K
245 ## - TITLE STATEMENT
Title MINE VENTILATION,SAFETY AND ENVIRONMENT
300 ## - PHYSICAL DESCRIPTION
Number of Pages 648
650 ## - SUBJECT ADDED ENTRY--TOPICAL TERM
Topical Term MINNING
942 ## - ADDED ENTRY ELEMENTS (KOHA)
Koha item type Books
Holdings
Lost status Damaged status Home library Current library Shelving location Date acquired Source of acquisition Cost, normal purchase price Full call number Accession Number Koha item type
    JRU Library   SHELF-6-E 30/04/2017 PURCHASE 1250.00 622.42 21613 Books